<?xml version="1.0" encoding="UTF-8"?>
<record
    xmlns:xsi="http://www.w3.org/2001/XMLSchema-instance"
    xsi:schemaLocation="http://www.loc.gov/MARC21/slim http://www.loc.gov/standards/marcxml/schema/MARC21slim.xsd"
    xmlns="http://www.loc.gov/MARC21/slim">

  <leader>00872cam a2200253 a 4500</leader>
  <controlfield tag="001">15209842</controlfield>
  <controlfield tag="003">OSt</controlfield>
  <controlfield tag="005">20231208143844.0</controlfield>
  <controlfield tag="008">080307s2008    ii ab    b    001 0 eng  </controlfield>
  <datafield tag="010" ind1=" " ind2=" ">
    <subfield code="a">  2008010850</subfield>
  </datafield>
  <datafield tag="020" ind1=" " ind2=" ">
    <subfield code="a">9789352824779</subfield>
  </datafield>
  <datafield tag="020" ind1=" " ind2=" ">
    <subfield code="a">9788131711200</subfield>
  </datafield>
  <datafield tag="020" ind1=" " ind2=" ">
    <subfield code="a">9788131716779 (pbk.)</subfield>
  </datafield>
  <datafield tag="040" ind1=" " ind2=" ">
    <subfield code="a">DLC</subfield>
    <subfield code="c">DLC</subfield>
    <subfield code="d">DLC</subfield>
  </datafield>
  <datafield tag="043" ind1=" " ind2=" ">
    <subfield code="a">a-ii---</subfield>
  </datafield>
  <datafield tag="050" ind1="0" ind2="0">
    <subfield code="a">DS451</subfield>
    <subfield code="b">.S5697 2008</subfield>
  </datafield>
  <datafield tag="082" ind1="0" ind2="0">
    <subfield code="a">934</subfield>
    <subfield code="b">SIN/P</subfield>
  </datafield>
  <datafield tag="100" ind1=" " ind2=" ">
    <subfield code="a">Singh, Upinder </subfield>
    <subfield code="9">3330</subfield>
  </datafield>
  <datafield tag="245" ind1="1" ind2="2">
    <subfield code="a"> PRACHEENA POORVA MADHYAKALA INDIACHARITHRAM-SILAYUGAM MUTHAL PANTHRANDAM NOOTTANDU VARE = A history of ancient and early medieval India :</subfield>
    <subfield code="b">from the Stone Age to the 12th century /</subfield>
    <subfield code="c">Upinder Singh.</subfield>
  </datafield>
  <datafield tag="260" ind1=" " ind2=" ">
    <subfield code="b">D C books,</subfield>
    <subfield code="c">2019.</subfield>
  </datafield>
  <datafield tag="300" ind1=" " ind2=" ">
    <subfield code="a">863 p. :</subfield>
    <subfield code="b">ill. (some col.), col. maps ;</subfield>
    <subfield code="c">29 cm.</subfield>
  </datafield>
  <datafield tag="651" ind1=" " ind2="0">
    <subfield code="a">India</subfield>
    <subfield code="x">History.</subfield>
  </datafield>
  <datafield tag="942" ind1=" " ind2=" ">
    <subfield code="2">ddc</subfield>
    <subfield code="c">BK</subfield>
    <subfield code="h">934</subfield>
    <subfield code="i">SIN/P</subfield>
    <subfield code="k">934</subfield>
    <subfield code="m">SIN/P</subfield>
  </datafield>
  <datafield tag="952" ind1=" " ind2=" ">
    <subfield code="0">0</subfield>
    <subfield code="1">0</subfield>
    <subfield code="2">ddc</subfield>
    <subfield code="4">0</subfield>
    <subfield code="7">0</subfield>
    <subfield code="8">HISTORY</subfield>
    <subfield code="a">MES</subfield>
    <subfield code="b">MES</subfield>
    <subfield code="c">HIS</subfield>
    <subfield code="d">2023-12-08</subfield>
    <subfield code="l">1</subfield>
    <subfield code="o">934 SIN/P</subfield>
    <subfield code="p">44114</subfield>
    <subfield code="r">2025-11-17 10:07:58</subfield>
    <subfield code="s">2025-11-13</subfield>
    <subfield code="v">1299.00</subfield>
    <subfield code="w">2023-12-08</subfield>
    <subfield code="y">BK</subfield>
    <subfield code="z">GL43R3</subfield>
  </datafield>
  <datafield tag="999" ind1=" " ind2=" ">
    <subfield code="c">44192</subfield>
    <subfield code="d">44192</subfield>
  </datafield>
</record>
